|
|
|
|
| LEADER |
00000cam a2200000 a 4500 |
| 001 |
vtls001286121 |
| 003 |
SK-MaSNL |
| 005 |
20260301195628.0 |
| 008 |
251031s1980 xr 0000f cze |
| 035 |
|
|
|a SNK000237662
|
| 040 |
|
|
|a SNK
|b slo
|c SNK
|e AACR2
|
| 041 |
1 |
|
|a cze
|h ger
|
| 044 |
|
|
|a xr
|c CZ
|
| 080 |
|
|
|a 830 (436) -312.1-321.1-821
|2 1981
|
| 100 |
1 |
|
|a Handke, Peter,
|d 1942-
|4 aut
|9 212011
|
| 245 |
1 |
0 |
|a Nežádané neštěstí
|c Peter Handke ; z německých originálů ... přeložili Jiří Stromšík, Pavel Mládek, Vratislav Slezák ; doslov Jaroslav Střítecký
|
| 250 |
|
|
|a 1. vyd.
|
| 260 |
|
|
|a Praha
|b Odeon
|c 1980
|
| 300 |
|
|
|a 309 s.
|c 8°
|
| 490 |
1 |
|
|a Soudobá světová próza
|
| 500 |
|
|
|a Preložené z nemeckých originálov: Der kurze Brief zum langen Abschied, Wunschloses Unglück a Die Stunde der wahren Empfindung
|
| 655 |
|
7 |
|a nemecké poviedky
|2 SNKPH
|9 70746
|
| 700 |
1 |
|
|a Mládek, Pavel
|4 trl
|9 577778
|
| 700 |
1 |
|
|a Slezák, Vratislav,
|d 1932-2020
|4 trl
|9 244734
|
| 700 |
1 |
|
|a Stromšík, Jiří,
|d 1939-
|4 trl
|9 378399
|
| 700 |
1 |
|
|a Střítecký, Jaroslav,
|d 1941-
|4 aft
|9 196081
|
| 700 |
1 |
2 |
|a Handke, Peter,
|d 1942-
|t Der kurze Brief zum langen Abschied
|l Česky
|9 577779
|
| 700 |
1 |
2 |
|a Handke, Peter,
|d 1942-
|t Wunschloses Unglück
|l Česky
|9 577780
|
| 700 |
1 |
2 |
|a Handke, Peter,
|d 1942-
|t Die Stunde der wahren Empfindung
|l Česky
|9 577781
|
| 830 |
|
0 |
|a Soudobá světová próza
|9 289945
|
| 852 |
|
|
|a Slovenská národná knižnica
|
| 958 |
|
|
|a LX
|
| 958 |
|
|
|a UP
|
| 958 |
|
|
|a DE
|
| 958 |
|
|
|a OND
|
| 999 |
|
|
|c 886639
|d 888569
|
| 952 |
|
|
|t P60, <04>, [BOOK], {604}
|a SNK
|b SNK
|y VYP
|7 0
|p 17A0064923
|o snkIC 82847 D1
|0 0
|1 1
|4 0
|d 1997-05-09
|l 0
|r 2005-01-02 00:00:00
|w 2026-02-24
|
| 952 |
|
|
|t P60, <04>, [BOOK], {604}
|a SNK
|b SNK
|y VYP
|7 0
|p 17A0402393
|o snkIC 82847
|i snkKIP 409/81
|0 0
|1 0
|4 0
|d 2003-11-06
|l 0
|r 2005-01-02 00:00:00
|w 2026-02-24
|